000 00634cam a22002173a 4500
001 39252
003 PGUSA
005 20140828083855.0
008 120324s2012||||xxu|||||s|||||000 | eng d
040 _aPGUSA
_beng
042 _adc
100 1 _aHichens, Robert,
_d1864-1950
245 1 4 _aThe Near East :
_bDalmatia, Greece and Constantinople
_h[electronic resource] /
_cRobert Hichens
260 _bProject Gutenberg,
_c2012
506 _aPublic domain in the USA.
516 _aElectronic text
700 1 _aGuerin, Jules
830 0 _aProject Gutenberg
_v39252
856 4 0 _uhttp://www.gutenberg.org/ebooks/39252
942 _cEB
999 _c268505
_d268505